Seasonal variation of the nutrient contents of rubber leaves and definition of a sampling time and technique (Record no. 24488)

MARC details
000 -LEADER
fixed length control field 00342nam a2200109Ia 4500
082 ## - DEWEY DECIMAL CLASSIFICATION NUMBER
Classification number NR:04
Item number RRC.28
245 #0 - TITLE STATEMENT
Title Seasonal variation of the nutrient contents of rubber leaves and definition of a sampling time and technique
260 ## - PUBLICATION, DISTRIBUTION, ETC. (IMPRINT)
Place of publication Thailand
Name of publisher RRC
490 ## - SERIES STATEMENT
Series statement RRC Report 28
942 ## - ADDED ENTRY ELEMENTS (KOHA)
Koha item type Books
Holdings
Withdrawn status Lost status Damaged status Not for loan Home library Current library Date acquired Full call number Accession Number Koha item type
        RRII Library RRII Library 16/12/2021 NR:04 RRC.28 05169 Books